<?xml version="1.0" encoding="UTF-8"?>
<collection xmlns="http://www.loc.gov/MARC21/slim">
 <record>
  <leader>07001nam a2200373 a 4500</leader>
  <controlfield tag="001">kal2095</controlfield>
  <controlfield tag="003">Gr-AtHEAL</controlfield>
  <controlfield tag="005">20160427141156.0</controlfield>
  <controlfield tag="006">m        d        </controlfield>
  <controlfield tag="008">160413s2015    gr      s           gre|c</controlfield>
  <datafield tag="020" ind1=" " ind2=" ">
   <subfield code="a">9789606033780</subfield>
  </datafield>
  <datafield tag="040" ind1=" " ind2=" ">
   <subfield code="a">GR-AtHEAL</subfield>
   <subfield code="b">gre</subfield>
   <subfield code="c">GR-AtHEAL</subfield>
  </datafield>
  <datafield tag="082" ind1="0" ind2="4">
   <subfield code="a">627.58</subfield>
   <subfield code="2">23</subfield>
  </datafield>
  <datafield tag="100" ind1="1" ind2=" ">
   <subfield code="a">Καραμπάς, Θεοφάνης.</subfield>
   <subfield code="8">2520</subfield>
  </datafield>
  <datafield tag="245" ind1="1" ind2="0">
   <subfield code="a">Ακτομηχανική - έργα προστασίας ακτών</subfield>
   <subfield code="h">[Ηλεκτρονικός πόρος] </subfield>
   <subfield code="b">Θαλάσσια κυματική-παράκτια μορφοδυναμικά-έργα προστασίας ακτών-μαθηματικά ομοιώματα στην μηχανική των ακτών</subfield>
   <subfield code="c">Καραμπάς, Θεοφάνης ; Κρεστενίτης, Ιωάννης ; Κουτίτας, Χριστόφορος ; Κριτικός αναγνώστης,Δήμας, Αθανάσιος ; Γραφιστική επιμέλεια,ΜΑΔΑΜΑΣ, ΣΩΤΗΡΗΣ ; Τεχνική επιμέλεια,Μαδαμάς, Σωτήριος ; Γλωσσική επιμέλεια,Κιοσέογλου, Νερίνα.</subfield>
  </datafield>
  <datafield tag="260" ind1=" " ind2=" ">
   <subfield code="a">Αθήνα :</subfield>
   <subfield code="b">Σύνδεσμος Ελληνικών Ακαδημαϊκών Βιβλιοθηκών,</subfield>
   <subfield code="c">c2015.</subfield>
  </datafield>
  <datafield tag="490" ind1=" " ind2=" ">
   <subfield code="a">Ακαδημαϊκά Ηλεκτρονικά Συγγράμματα και Βοηθήματα Κάλλιπος</subfield>
   <subfield code="8">40</subfield>
  </datafield>
  <datafield tag="505" ind1=" " ind2=" ">
   <subfield code="a">1. Στοιχεία κυματομηχανικής2. Διαμόρφωση των κυματισμών τον παράκτιο χώρο3. Παράκτια κυματογενή ρεύματα4. Ανεμογενείς κυματισμοί5. Παράκτια στερεομεταφορά, μορφοδυναμική των ακτών, διάβρωση ακτών6. Αλληλεπίδραση ακτών/παράκτιων έργων - έργα και μέθοδοι προστασίας ακτών7. Μαθηματικά ομοιώματα στην παράκτια μηχανική</subfield>
  </datafield>
  <datafield tag="520" ind1=" " ind2=" ">
   <subfield code="a">Η χώρα μας περιβάλλεται από ακτές μήκους 15000 km, μεγάλο μήκος από το οποία χρησιμοποιείται ως φυσικός πόρος με οικονομικο-κοινωνικά οφέλη: διακίνηση εμπορευμάτων/επιβατών μέσω των λιμένων, διάθεση λυμάτων, χρήση των αμμωδών παραλιών για αναψυχή κ.α.Ωστόσο τα τελευταία χρόνια η παράκτια ζώνη πιέζεται από περιβαλλοντικούς παράγοντες με σημαντικότερο πρόβλημα αυτό της διάβρωσης των ακτών. Το πρόβλημα εντείνεται τα τελευταία χρόνια λόγω της κλιματικής αλλαγής, που επηρεάζει και τη λειτουργία των λιμενικών και παράκτιων τεχνικών έργων που χρήζουν πλέον επανασχεδιασμού/αναβάθμισης. Ο βασικός σκοπός του συγγράμματος αυτού είναι να συμβάλει στην βαθύτερη κατανόηση των φυσικών διεργασιών του παράκτιου χώρου και στον ορθότερο σχεδιασμό των παράκτιων έργων και των έργων προστασίας ακτών. Το βιβλίο απευθύνεται σε Πολιτικούς Μηχανικούς/Επιστήμονες (φοιτητές ή επαγγελματίες). Οι αναγνώστες εισάγονται στις βασικές αρχές που αφορούν την επιστήμη της Παράκτιας Μηχανικής. Αποκτούν ολοκληρωμένη αντίληψη των, κυματογενών κυρίως, διεργασιών του παράκτιου περιβάλλοντος, των φαινομένων της μεταφοράς ιζημάτων, της εξέλιξης μορφολογίας του πυθμένα και της αλληλεπίδρασης κατασκευών-κυματογενών διεργασιών. Τα επιμέρους κεφάλαια του συγγράμματος αναφέρονται στη θεωρία κυματισμών, τον μετασχηματισμό τους στον παράκτιο χώρο, την πρόγνωσή τους, την στατιστική τους μελέτη, την παράκτια στερεομεταφορά και μορφοδυναμική, τις επιπτώσεις της κλιματικής αλλαγής στη διάβρωση και στο σχεδιασμό των τεχνικών έργων προστασίας ακτών. Κάθε κεφάλαιο περιλαμβάνει παραδείγματα και ασκήσεις. Το σύγγραμμα συνοδεύεται από ελεύθερο λογισμικό για εκπαιδευτική αλλά και επιχειρησιακή χρήση. Το λογισμικό αποτελείται από απλές εφαρμογές της θεωρίας κυματισμών και της διαμόρφωσής τους στον παράκτιο χώρο (πρόγνωση, διάθλαση, περίθλαση, θραύση, ...) αλλά και δισδιάστατα μαθηματικά μοντέλα σχεδιασμού λιμενικών έργων, παράκτιας μορφοδυναμικής και σχεδιασμού έργων προστασίας ακτών.</subfield>
  </datafield>
  <datafield tag="650" ind1=" " ind2="0">
   <subfield code="a">Coastal engineering</subfield>
   <subfield code="8">2673</subfield>
  </datafield>
  <datafield tag="653" ind1=" " ind2=" ">
   <subfield code="a">Μαθηματικά ομοιώματα στην μηχανική των ακτών</subfield>
  </datafield>
  <datafield tag="653" ind1=" " ind2=" ">
   <subfield code="a">Έργα προστασίας ακτών</subfield>
  </datafield>
  <datafield tag="653" ind1=" " ind2=" ">
   <subfield code="a">Παράκτια μορφοδυναμική</subfield>
  </datafield>
  <datafield tag="653" ind1=" " ind2=" ">
   <subfield code="a">Θαλάσσια κυματική</subfield>
  </datafield>
  <datafield tag="653" ind1=" " ind2=" ">
   <subfield code="a">Τεχνολογία και επιστήμες μηχανικών</subfield>
   <subfield code="a">Τεχνολογία και μηχανική κατασκευών</subfield>
   <subfield code="a">Υδραυλική μηχανική</subfield>
  </datafield>
  <datafield tag="653" ind1=" " ind2=" ">
   <subfield code="a">Τεχνολογία και επιστήμες μηχανικών</subfield>
   <subfield code="a">Τεχνολογία και μηχανική κατασκευών</subfield>
   <subfield code="a">Μηχανική ακτών, λιμένων και ανοικτής θαλάσσης</subfield>
  </datafield>
  <datafield tag="700" ind1="1" ind2=" ">
   <subfield code="a">Κρεστενίτης, Ιωάννης</subfield>
   <subfield code="e">Συγγραφέας</subfield>
   <subfield code="8">2521</subfield>
  </datafield>
  <datafield tag="700" ind1="1" ind2=" ">
   <subfield code="a">Κουτίτας, Χριστόφορος</subfield>
   <subfield code="e">Συγγραφέας</subfield>
   <subfield code="8">2522</subfield>
  </datafield>
  <datafield tag="700" ind1="1" ind2=" ">
   <subfield code="a">Δήμας, Αθανάσιος</subfield>
   <subfield code="e">Κριτικός αναγνώστης</subfield>
   <subfield code="8">2523</subfield>
  </datafield>
  <datafield tag="856" ind1="4" ind2="0">
   <subfield code="u">http://hdl.handle.net/11419/2095</subfield>
   <subfield code="z">Πλήρες Κείμενο - Full text</subfield>
  </datafield>
  <datafield tag="907" ind1=" " ind2=" ">
   <subfield code="a">.b25678772</subfield>
   <subfield code="b">12-06-18</subfield>
   <subfield code="c">29-07-16</subfield>
  </datafield>
  <datafield tag="949" ind1=" " ind2=" ">
   <subfield code="0">0</subfield>
   <subfield code="1">0</subfield>
   <subfield code="2">ddc</subfield>
   <subfield code="4">0</subfield>
   <subfield code="6">627_580000000000000_ΚΑΡ</subfield>
   <subfield code="7">0</subfield>
   <subfield code="8">KALL</subfield>
   <subfield code="8">636</subfield>
   <subfield code="d">2016-04-13</subfield>
   <subfield code="r">2016-04-13</subfield>
   <subfield code="w">2016-04-13</subfield>
   <subfield code="z">627.58 ΚΑΡ</subfield>
   <subfield code="o">SEAB KALLIPOS</subfield>
  </datafield>
  <datafield tag="998" ind1=" " ind2=" ">
   <subfield code="a">80</subfield>
   <subfield code="a">01</subfield>
   <subfield code="a">02</subfield>
   <subfield code="a">03</subfield>
   <subfield code="a">04</subfield>
   <subfield code="a">05</subfield>
   <subfield code="a">06</subfield>
   <subfield code="a">07</subfield>
   <subfield code="a">08</subfield>
   <subfield code="a">09</subfield>
   <subfield code="a">10</subfield>
   <subfield code="a">11</subfield>
   <subfield code="a">12</subfield>
   <subfield code="a">13</subfield>
   <subfield code="a">14</subfield>
   <subfield code="a">15</subfield>
   <subfield code="a">16</subfield>
   <subfield code="a">17</subfield>
   <subfield code="a">18</subfield>
   <subfield code="a">19</subfield>
   <subfield code="a">20</subfield>
   <subfield code="a">21</subfield>
   <subfield code="a">22</subfield>
   <subfield code="a">23</subfield>
   <subfield code="a">24</subfield>
   <subfield code="a">25</subfield>
   <subfield code="a">26</subfield>
   <subfield code="b">10-05-17</subfield>
   <subfield code="c">m</subfield>
   <subfield code="d">z  </subfield>
   <subfield code="e">-</subfield>
   <subfield code="f">gre</subfield>
   <subfield code="g">gr </subfield>
   <subfield code="h">0</subfield>
  </datafield>
  <datafield tag="942" ind1=" " ind2=" ">
   <subfield code="2">ddc</subfield>
   <subfield code="c">KALLIPOS</subfield>
  </datafield>
 </record>
</collection>
